000 00272nam a2200109Ia 4500
008 190216s9999||||xx |||||||||||||| ||und||
100 _aStephen G Kochan And Patrick H Wood
245 0 _aProgramming In C
260 _bCbs Publishers
_c1987
650 _aComputer
942 _cBK
999 _c8464
_d8464